000 00203nam a2200085 4500
001 1258502
005 20260311142301.0
245 _aŞİRİN BELGRAD ORMANINDA
_cBİRSEN EKİM ÖZEN
260 _bTİMAŞ ÇOCUK
999 _c1258502
_d1258502